|
|
|
|
| LEADER |
00000nam0a2200000 4500 |
| 001 |
302899 |
| 005 |
20231102001541.0 |
| 035 |
|
|
|a (RuTPU)RU\TPU\book\328116
|
| 090 |
|
|
|a 302899
|
| 100 |
|
|
|a 20150827d1982 k y0rusy50 ca
|
| 101 |
0 |
|
|a rus
|
| 102 |
|
|
|a RU
|
| 105 |
|
|
|a a z 001zy
|
| 200 |
1 |
|
|a Проблемы теоретического и системного программирования
|e сборник научных трудов
|f Новосибирский государственный университет (НГУ) ; под ред. А. П. Ершова
|
| 210 |
|
|
|a Новосибирск
|c Изд-во НГУ
|d 1982
|
| 215 |
|
|
|a 159 с.
|c ил.
|
| 320 |
|
|
|a Библиогр. в конце ст.
|
| 606 |
1 |
|
|a Программирование
|2 stltpush
|3 (RuTPU)RU\TPU\subj\51780
|9 70345
|
| 610 |
1 |
|
|a теория
|
| 610 |
1 |
|
|a системное программирование
|
| 610 |
1 |
|
|a трансформационный подход
|
| 610 |
1 |
|
|a программные системы
|
| 610 |
1 |
|
|a процессоры
|
| 610 |
1 |
|
|a представление знаний
|
| 610 |
1 |
|
|a искусственный интеллект
|
| 610 |
1 |
|
|a пакеты прикладных программ
|
| 610 |
1 |
|
|a разработка
|
| 675 |
|
|
|a 681.3.06
|v 4
|
| 702 |
|
1 |
|a Ершов
|b А. П.
|4 340
|
| 712 |
0 |
2 |
|a Новосибирский государственный университет (НГУ)
|2 stltpush
|3 (RuTPU)RU\TPU\col\721
|
| 801 |
|
1 |
|a RU
|b 63413507
|c 20150827
|
| 801 |
|
2 |
|a RU
|b 63413507
|c 20190627
|g RCR
|
| 942 |
|
|
|c BK
|